Kanaka sahitya darshana samputa 4: Kanakadasara kirthanegalu mattu mundigegalu (Record no. 104975)

MARC details
000 -LEADER
fixed length control field 01153nam a2200313Ia 4500
003 - CONTROL NUMBER IDENTIFIER
control field OSt
005 - DATE AND TIME OF LATEST TRANSACTION
control field 20250829161018.0
008 - FIXED-LENGTH DATA ELEMENTS--GENERAL INFORMATION
fixed length control field 210210b1999 xxu||||| |||| 00| 0 eng d
040 ## - CATALOGING SOURCE
Transcribing agency AL
041 ## - LANGUAGE CODE
Language code of text/sound track or separate title Kannada
082 ## - DEWEY DECIMAL CLASSIFICATION NUMBER
Classification number K894.1 KANK
100 ## - MAIN ENTRY--PERSONAL NAME
Personal name KANNADA MATTU samskriti nirdeshanalaya
Dates associated with a name ಕನ್ನಡ ಮತ್ತು ಸಂಸ್ಕೃತಿ ನಿರ್ದೇಶನಾಲಯ
9 (RLIN) 237798
245 ## - TITLE STATEMENT
Title Kanaka sahitya darshana samputa 4: Kanakadasara kirthanegalu mattu mundigegalu
Remainder of title ಕನಕ ಸಾಹಿತ್ಯ ದರ್ಶನ ಸಂಪುಟ 4: ಕನಕದಾಸರ ಕೀರ್ತನೆಗಳು ಮತ್ತು ಮುಂಡಿಗೆಗಳು
260 ## - PUBLICATION, DISTRIBUTION, ETC.
Place of publication, distribution, etc. Bengaluru
Name of publisher, distributor, etc. Kannada Mattu Samskrathi Nirdeshanalaya.,
Date of publication, distribution, etc. 1999
300 ## - PHYSICAL DESCRIPTION
Extent viii,675
440 ## - SERIES STATEMENT/ADDED ENTRY--TITLE
Title 4
9 (RLIN) 237799
650 ## - SUBJECT ADDED ENTRY--TOPICAL TERM
Topical term or geographic name entry element samputa
9 (RLIN) 237800
650 ## - SUBJECT ADDED ENTRY--TOPICAL TERM
Topical term or geographic name entry element sahitya
9 (RLIN) 237801
650 ## - SUBJECT ADDED ENTRY--TOPICAL TERM
Topical term or geographic name entry element mundigegalu
9 (RLIN) 237802
650 ## - SUBJECT ADDED ENTRY--TOPICAL TERM
Topical term or geographic name entry element mattu
9 (RLIN) 237803
650 ## - SUBJECT ADDED ENTRY--TOPICAL TERM
Topical term or geographic name entry element kirthanegalu
9 (RLIN) 237804
650 ## - SUBJECT ADDED ENTRY--TOPICAL TERM
Topical term or geographic name entry element Kanakadasara
9 (RLIN) 237805
650 ## - SUBJECT ADDED ENTRY--TOPICAL TERM
Topical term or geographic name entry element Kanaka
9 (RLIN) 237806
650 ## - SUBJECT ADDED ENTRY--TOPICAL TERM
Topical term or geographic name entry element darshana
9 (RLIN) 237807
650 ## - SUBJECT ADDED ENTRY--TOPICAL TERM
Topical term or geographic name entry element 4:
9 (RLIN) 237808
690 ## - LOCAL SUBJECT ADDED ENTRY--TOPICAL TERM (OCLC, RLIN)
Topical term or geographic name as entry element Kannada Poetry
9 (RLIN) 237809
906 ## - LOCAL DATA ELEMENT F, LDF (RLIN)
a 057713
942 ## - ADDED ENTRY ELEMENTS (KOHA)
Source of classification or shelving scheme Dewey Decimal Classification
Koha item type Book
Holdings
Withdrawn status Lost status Source of classification or shelving scheme Damaged status Not for loan Collection code Home library Current library Shelving location Date acquired Source of acquisition Cost, normal purchase price Total Checkouts Full call number Barcode Date last seen Price effective from Koha item type
    Dewey Decimal Classification     Kannada St Aloysius Library St Aloysius Library   02/17/2021 Sahayaka Nirdeshakara Kacheri, Mangaluru. 40.00   K894.1 KANK 057713 02/17/2021 02/17/2021 Book